000 00803nam a2200205 a 4500
003 0
005 20250311145048.0
008 080728s19uu xx 00 eng d
050 _aPGS BF 723.C5
_b.K49 2008
100 _aKimura, Arisa.
245 _aBrain hemispheric dominance among grade 7-ILC students of Southville International School and Colleges for the academic year 2007-2008 /
_cKimura, Arisa.
260 _aLas PiƱas City, Philippines :
_bSouthville International School and Colleges,
_c2008.
300 _a35 pages :
_billustrations ;
_c28 cm.
504 _aIncludes bibliographical references.
650 _aCerebral dominance in children.
650 _aBrain
_vLateralization.
650 _aCognition in children.
650 _aCognitive styles
_vStudents.
942 _2lcc
_cPASS
999 _c97962
_d97962